Apéndice segundo a la legislación de montes de Emilio Ramos / (Record no. 152645)

MARC details
000 -LEADER
campo de control de longitud fija 00731nam a22001935i 4500
001 - NÚMERO DE CONTROL
campo de control 152645
003 - IDENTIFICADOR DE NÚMERO DE CONTROL
campo de control ES-MaACL
005 - FECHA Y HORA DE LA ÚLTIMA TRANSACCIÓN
campo de control 20250809023209.0
008 - DATOS DE LONGITUD FIJA--INFORMACIÓN GENERAL
campo de control de longitud fija 970319s1892 sp |||| | spa d
100 1# - ENTRADA PRINCIPAL--NOMBRE DE PERSONA
Nombre de persona Bragat, José.
9 (RLIN) 31283
245 10 - MENCIÓN DEL TÍTULO
Título Apéndice segundo a la legislación de montes de Emilio Ramos /
Mención de responsabilidad, etc. por José Bragat y Viñals.
260 ## - PUBLICACIÓN, DISTRIBUCIÓN, ETC.
Lugar de publicación, distribución, etc. Madrid :
Nombre del editor, distribuidor, etc. [s.n.],
Fecha de publicación, distribución, etc. 1892 (
Fabricante Imp. de Ricardo Rojas)
300 ## - DESCRIPCIÓN FÍSICA
Extensión XXII, 128, 3 p. ;
Dimensiones 24 cm.
650 #7 - PUNTO DE ACCESO ADICIONAL DE MATERIA--TÉRMINO DE MATERIA
Término de materia o nombre geográfico como elemento de entrada Derecho forestal-
Subdivisión geográfica España
Fuente del encabezamiento o término
9 (RLIN) 148105
650 #4 - PUNTO DE ACCESO ADICIONAL DE MATERIA--TÉRMINO DE MATERIA
Término de materia o nombre geográfico como elemento de entrada Montes públicos-
Subdivisión geográfica España.
9 (RLIN) 143761
700 1# - ENTRADA AGREGADA--NOMBRE PERSONAL
Nombre de persona Ramos, Emilio.
9 (RLIN) 95251
852 ## - LOCALIZACIÓN
Ubicación ES-MaACL
Número de control de estantería G-9538
Nota libre - Enc. hol., falto de la enc. original
-- - Enc. en un vol. facticio
Holdings
Estatus retirado Estado de pérdida Estado de daño No para préstamo Colección Biblioteca de origen Biblioteca actual Ubicación en estantería Fecha de adquisición Fuente de adquisición Total de préstamos Signatura topográfica completa Código de barras Visto por última vez Precio de reemplazo Tipo de ítem Koha
        Libros del s. XIX Biblioteca del Ateneo de Madrid Biblioteca del Ateneo de Madrid Sala Pecera Planta 3 17/01/2008     G-9538 1159404 23/02/2023 23/02/2023 Libro impreso antiguo